Olympischer Medaillenspiegel - Radsport - Statistiken

Allgemein
  • Dieses Quiz wurde 116 mal gespielt
    54 seit der letzten Aktualisierung
  • Das Durchschnittsergebnis liegt bei 13 aus 16
Antwortstatistiken
Gesamt Gold Silber Bronze Land % Korrekt
16 6 6 4 DDR
100%
56 16 21 19 Deutschland
100%
68 26 25 17 Niederlande
100%
66 20 24 22 Vereinigte Staaten
98%
67 36 18 13 Italien
96%
16 5 5 6 Spanien
96%
32 9 9 14 Belgien
92%
102 44 29 29 Frankreich
88%
16 2 5 9 Kanada
82%
19 5 5 9 Russland
82%
62 18 21 23 Australien
76%
26 6 11 9 Schweiz
73%
111 40 40 31 Großbritannien
71%
30 8 11 11 Dänemark
65%
18 4 5 9 Schweden
47%
24 11 4 9 Sowjetunion
45%
Keine übereinstimmenden Quizze gefunden
Verteilung der Resultate
Anzahl Personen mit jedem Resultat
Perzentil nach korrekt beantworteten Fragen
Ihre Resultats-Entwicklung
Sie haben dieses Quiz seit der letzten Aktualisierung nicht gespielt